000 00476nam a2200181Ia 4500
008 240925s9999 xx 000 0 und d
020 _a9788131303924
082 _a806.6 TAR
100 _aTarafder. S. K,
245 0 _aEffective Letter Writing
250 _aNA
260 _aNew Delhi:
_bAPH Publishing Corporation
_c,2018.
300 _a210p.
_b0
_fOriginal
500 _aIncludes Index
600 _aHumanities & Natural Science
650 _aLiterature
942 _cBK
999 _c16903
_d16903